000 00951nam0a22002771 4500
001 rc\4345956
005 20250611160845.0
021 _aRU
_b[61-32656]
035 _a(NLR Aleph) 008276328
090 _a8488390
_c8488390
100 _a20130416d1961 |||y0rusy50 ca
101 0 _arus
102 _aRU
105 _ay z |||||
200 1 _aПросторы
210 _aСталинград
_cКн. изд-во
_d1961
215 _a34 с.
_d16
225 1 _aБиблиотечка короткого рассказа
327 1 _aСодерж.: Свеколка; Мотоцикл с коляской; Надя; Просторы
464 0 _12001#$aСвеколка$aМотоцикл с коляской$aНадя$aПросторы
_tПросторы
700 1 _aГалаов
_bК.К.
_gКазимир Казгиреевич
801 0 _aRU
_bNLR
_gpsbo
801 1 _aRU
_bELAR
_2rusmarc
852 _aNLR
_j61-2/2032
942 _cBOOK
980 _aNB